Increasing productivity through performance appraisal / (Record no. 347433)

000 -LEADER
fixed length control field 00726 a2200205 4500
020 ## - INTERNATIONAL STANDARD BOOK NUMBER
International Standard Book Number 0201514001 (paperback)
020 ## - INTERNATIONAL STANDARD BOOK NUMBER
International Standard Book Number 9780201514001 (paperback)
082 04 - DEWEY DECIMAL CLASSIFICATION NUMBER
Classification number 658.3125
090 ## - LOCALLY ASSIGNED LC-TYPE CALL NUMBER (OCLC); LOCAL CALL NUMBER (RLIN)
-- 5007
-- 5007
100 1# - MAIN ENTRY--PERSONAL NAME
Personal name Latham, Gary.
245 10 - TITLE STATEMENT
Title Increasing productivity through performance appraisal /
Statement of responsibility, etc. Gary Latham, Ken Wexley.
250 ## - EDITION STATEMENT
Edition statement 2nd ed.
260 ## - PUBLICATION, DISTRIBUTION, ETC.
Place of publication, distribution, etc. [S.l.] :
Name of publisher, distributor, etc. Prentice Hall,
Date of publication, distribution, etc. 1993.
300 ## - PHYSICAL DESCRIPTION
Extent 250 p. ;
Dimensions 21 cm.
490 1# - SERIES STATEMENT
Series statement Prentice hall series in human resources) (2nd edition.
700 1# - ADDED ENTRY--PERSONAL NAME
Personal name Wexley, Ken.
830 #0 - SERIES ADDED ENTRY--UNIFORM TITLE
Uniform title Prentice hall series in human resources) (2nd edition.
856 40 - ELECTRONIC LOCATION AND ACCESS
Materials specified Amazon.com
Uniform Resource Identifier <a href="http://www.amazon.com/exec/obidos/ASIN/0201514001/chopaconline-20">http://www.amazon.com/exec/obidos/ASIN/0201514001/chopaconline-20</a>
942 ## - ADDED ENTRY ELEMENTS (KOHA)
Institution code [OBSOLETE] NBS
Koha item type Book
Call number prefix 658.3125 LAT
Holdings
Withdrawn status Lost status Damaged status Not for loan Permanent Location Current Location Date acquired Total Checkouts Full call number Barcode Date last seen Date last checked out Price effective from Koha item type
        Central Library (CL) Central Library (CL) 08/28/2013 1 658.3125 LAT NBS3014 02/17/2017 06/01/2015 08/28/2013 Book
© 2023 Central Library, National University of Sciences and Technology. All Rights Reserved.